Genetic relationships in lens species and parentage determination of their interspecific hybrids using RAPD markers (Record no. 59852)

MARC details
000 -LEADER
fixed length control field 00594nam a2200205Ia 4500
100 ## - MAIN ENTRY--AUTHOR NAME
Personal name Ahmad M
245 #0 - TITLE STATEMENT
Title Genetic relationships in lens species and parentage determination of their interspecific hybrids using RAPD markers
260 ## - PUBLICATION, DISTRIBUTION, ETC. (IMPRINT)
Name of publisher Theoretical and Applied Genetics
Year of publication 1996
300 ## - PHYSICAL DESCRIPTION
Number of Pages 1091-1098
650 ## - SUBJECT ADDED ENTRY--TOPICAL TERM
Topical Term Genetic distance
650 ## - SUBJECT ADDED ENTRY--TOPICAL TERM
Topical Term Lens culinaris
650 ## - SUBJECT ADDED ENTRY--TOPICAL TERM
Topical Term RAPD
650 ## - SUBJECT ADDED ENTRY--TOPICAL TERM
Topical Term Wild species
700 ## - ADDED ENTRY--PERSONAL NAME
Personal name Armstrong K F
700 ## - ADDED ENTRY--PERSONAL NAME
Personal name Fautrier A G
700 ## - ADDED ENTRY--PERSONAL NAME
Personal name Mc Neil D L
700 ## - ADDED ENTRY--PERSONAL NAME
Personal name Paterson A M
942 ## - ADDED ENTRY ELEMENTS (KOHA)
Koha item type Journals
Holdings
Withdrawn status Lost status Damaged status Not for loan Home library Current library Shelving location Date acquired Serial Enumeration / chronology Koha item type
      Journals RRII Library RRII Library RAPD 17/12/2021 Volume 92, Issue 8 Journals